00533 2200193 4500001002100000005001500021035002000036245008700056100002200143250000600165300003500171700001800206260002700224082001100251084001700262020002200279650002100301990001700322INLIS00000000000045720181031040907 a0010-10180001471 aMemahami EYD Untuk Menyunting Karangan /cMaurida Fariyanti; Editor, Yundri Astina0 aMaurida Fariyanti a- avi, 74 hlm. :bilus. ;c25 cm.0 aYundri Astina aBogor :bQuadra,c2010 a808.02 a808.02 MAU m a978-979-054-353-9 aTeknik Penulisan a01584/P/2018